000 00811pam a2200241 a 4500
001 1655495
005 20180301040012.0
008 971022s1998 maua b 001 0 eng c
010 _a 97045694
020 _a0130374660
040 _aDNLM/DLC
_cDLC
_dDLC
041 _aeng
060 1 0 _aQT 261 I72s 1998
080 _a617.1027
082 0 0 _a617.1027 IRV
_221
100 1 _a4
101 _aSHM
245 1 0 _aSports medicine :
_cRichard Irvin, Duane Iversen, Steven Roy.
504 _aIncludes bibliographical references and index.
906 _a7
_bcbc
_corignew
_d1
_eocip
_f19
_gy-gencatlg
942 _2ddc
_cBK
999 _c43772
_d43772